National Assembly Library of Thailand

เพราะชีวิตมีเรื่องทุกข์ ฉันจึงต้องเริ่มคิดเรื่องสุขให้ตัวเอง / (ระเบียนเลขที่ 107591)

รายละเอียดในรูปแบบ MARC
000 -LEADER
fixed length control field 05105nam a22003137a 4500
003 - CONTROL NUMBER IDENTIFIER
control field NALT
005 - DATE AND TIME OF LATEST TRANSACTION
control field 20260129122915.0
008 - FIXED-LENGTH DATA ELEMENTS--GENERAL INFORMATION
fixed length control field 251223b th ||||| |||| 00| 0 tha d
020 ## - INTERNATIONAL STANDARD BOOK NUMBER
International Standard Book Number 9789740219477
040 ## - CATALOGING SOURCE
Original cataloging agency ์NALT
041 1# - LANGUAGE CODE
Language code of text/sound track or separate title tha
Language code of original kor
050 ## - LIBRARY OF CONGRESS CALL NUMBER
Classification number BF 168
Item number ค451พ 2568
100 1# - MAIN ENTRY--PERSONAL NAME
Personal name คิม, ซัง-จุน
9 (RLIN) 63613
245 10 - TITLE STATEMENT
Title เพราะชีวิตมีเรื่องทุกข์ ฉันจึงต้องเริ่มคิดเรื่องสุขให้ตัวเอง /
Statement of responsibility, etc. คิมซังจุน เขียน ; สิรีภรณ์ สงวนสิน แปล.
250 ## - EDITION STATEMENT
Edition statement พิมพ์ครั้งแรก.
260 ## - PUBLICATION, DISTRIBUTION, ETC.
Place of publication, distribution, etc. กรุงเทพฯ :
Name of publisher, distributor, etc. มติชน,
Date of publication, distribution, etc. 2568.
300 ## - PHYSICAL DESCRIPTION
Extent 540 หน้า ;
Dimensions 18 ซม.
500 ## - GENERAL NOTE
General note แปลจาก: Dangsin ui saeng-gag i dangsin eul sog-igo issda.
505 2# - FORMATTED CONTENTS NOTE
Formatted contents note 1 นาที จิตใจคืออะไร -- 1. ความคิดของคุณกำลังล่อลวงคุณอยู่ -- 2. วิธีไม่ให้ถูกหอกแทงซ้ำสอง -- 3. ชีวิตก็เหมือนฝันที่ว่างเปล่า -- 4. หลบหนีออกจากคุกทางใจ -- 5. วิธีหลีกเลี่ยงภัย 3 ประการ -- 6. ถ้ารู้สาเหตุแล้วทุกอย่างจะคลี่คลายหรือเปล่า? -- 3 นาที การควบคุมจิตใจ -- 7. สร้างซิกซ์แพ็กให้หัใจกันเถอะ -- 8. เพราะปรารถนาอะไรบางอย่างจึงทำให้เป็นทุกข์ -- 9. ชีวิตอันหอมหวาน -- 10. อย่าตีแม้ด้วยดอกไม้ --<br/>11. คนที่ถูกทิ้งไว้จากความตายของคนที่รัก -- 12. จงระลึกถึงความตาย (Memento mori) -- 6 นาที หัวใจที่แปรปรวน -- 13. ความโชคร้ายของฉัน ความดวงซวยของฉัน -- 14. หยุดรบกวนพระเจ้าและพระพุทธเจ้ากันเถอะ -- 15. การหลุดพ้นจากความทุกข์ที่วนเวียนอยู่ในชีวิต -- 16. ความรัก อันว่าด้วยความเบาบาง -- 17. นี่ไม่ใช่เรื่องของฉัน, การแทรกแซงและคำแนะนำที่ไร้ประโยชน์ -- 18. ทำไมฉันถึงซึมเศร้า --<br/>9 นาที หัวใจที่เป็นสุข -- 19. เหตุผลที่เราต้องมีความสุข -- 20. เครื่องรางปัดเป่าโชคร้ายและนำโชคดีมาให้ -- 21. โปรดส่งตัวตลกมาที -- 22. การใช้ชีวิตท่ามกลางคำวิจารณ์ -- 23. เหตุและผล -- 12 นาที พักใจ --<br/>24. วิธีใช้ชีวิตบนโลกที่บ้าคลั่ง -- 25. ระหว่างที่รอโกโดต์ -- 26. ผู้ที่ต้องการการปลอบใจ ผู้ที่อยากปลอบใจ -- 27. ความสมบูรณ์แบบคือโรคภัย -- 28. จะเก็บอะไรไว้ และทิ้งอะไรไป -- 29. ความอวดดีและอคติ --<br/>15 นาที หัวใจที่ยิ่งใหญ่ -- 30. ยัยตัวร้ายกับนายต่างดาว (My love from the star) มีอะไรให้กลัวหรือ -- 31. เหตุผลที่ชิมชองตกลงไปในทะเลอินดังซู -- 32. วิธีใช้ชีวิตให้สมกับที่เป็นมนุษย์ -- 33. วิธีเป็นเศรษฐีผู้ยิ่งใหญ่ -- 35. โศกนาฏกรรมของคนข้ามเพศ - ผู้หญิงที่อยากเป็นผู้ชาย และผู้ชายที่อยากเป็นผู้หญิง.
650 #4 - SUBJECT ADDED ENTRY--TOPICAL TERM
Topical term or geographic name entry element จิตใจและร่างกาย
9 (RLIN) 50368
650 #4 - SUBJECT ADDED ENTRY--TOPICAL TERM
Topical term or geographic name entry element จิตวิเคราะห์
9 (RLIN) 67195
653 #4 - INDEX TERM--UNCONTROLLED
Uncontrolled term การตระหนักตนเอง
700 0# - ADDED ENTRY--PERSONAL NAME
Personal name สิริภรณ์ สงวนสิน
9 (RLIN) 63614
942 ## - ADDED ENTRY ELEMENTS (KOHA)
Koha item type General Book
Source of classification or shelving scheme Library of Congress Classification
996 ## - STAFF PROCESSING RECORDS (NALT)
Staff name jidapa.t
Staff type ACQSTF
Acquisition or Cataloging date 2025-12-23
996 ## - STAFF PROCESSING RECORDS (NALT)
Staff name varee.k
Staff type LIBSTF
Acquisition or Cataloging date 2025-12-24
996 ## - STAFF PROCESSING RECORDS (NALT)
Staff name saiphon.d
Staff type CATSTF
Acquisition or Cataloging date 2025-12-26
998 ## - STAFF NAME (NALT)
-- 8
-- นายบัณฑิต อุทาวงค์
รายการที่มีในห้องสมุด
Withdrawn status Lost status Source of classification or shelving scheme Damaged status Not for loan Collection code Home library Current library Shelving location Date acquired Source of acquisition Total Checkouts Total Renewals Full call number Barcode Date last seen Date last checked out Price effective from Koha item type
    Library of Congress Classification     General Book collection National Assembly Library of Thailand National Assembly Library of Thailand General Book shelves 23/12/2025 20 1 1 BF 168 ค451พ 2568 3961215994 17/02/2026 29/01/2026 23/12/2025 General Book
หอสมุดรัฐสภา
สำนักงานเลขาธิการสภาผู้แทนราษฎร เลขที่ 1111 ถนนสามเสน แขวงถนนนครไชยศรี เขตดุสิต กรุงเทพฯ 10300
The Secretariat of the House of Representatives 1111 Samsen Road, Thanon Nakhon Chai Si, Dusit, Bangkok 10300, THAILAND
โทรศัพท์: +66(0) 2242 5900 ต่อ 5714-5 โทรสาร: +66(0) 2242 5990 อีเมล: [email protected]